As 10 melhores músicas de todos os tempos - Statistics

Estatísticas Gerais
  • Esse quiz foi jogado 251 vezes
  • A pontuação média é 3 de 10
Estatísticas das Respostas
Hint Resposta % Correto
Ler it Be Beatles
93%
Redemption Song Bob Marley
41%
Life On Mars? David Bowie
40%
Everybody Hurts REM
36%
I’ve Got you Under my Skin Frank Sinatra
25%
Tangled Up In Blue Bob Dylan
16%
Somewhere Over The Rainbow Judy Garland
14%
Unchained Melody The Righteous Brothers
14%
Lola The Kinks
10%
Saint James Infirmary Louis Armstrong
8%
Nenhum quiz correspondente encontrado
Distribuição das Pontuações
Porcentagem de Pessoas com Cada Pontuação
Percentil de Números Respondidos
Sua Pontuação Histórica
Você não jogou esse quiz